000 00922cad a22002055a 4500
001 E152750
008 110419s2010 xxk f 000 0 eng d
035 _a(Sirsi) u152750
041 0 _aeng
110 2 _aMcGrigors
_95941
245 0 0 _aProperty litigation mini guide
_bpublic liability
_h[electronic resource]
260 _a[Scotland]
_bMcGrigors
_c2010
490 0 _aMcGrigors Property Litigation Mini Guide
_v(8) August 2010
520 _aLooks at issues that can arise in relation to public liability, and suggests possible solutions. Topics covered include criminal liability, civil liability, and preventative measures.
590 _aKA
651 4 _aScotland
_y1999-
690 _aMANAGEMENT-BUSINESS MANAGEMENT-PROFESSIONAL PRACTICE
856 4 0 _uhttps://www.mcgrigors.com/pdfdocs/MiniGuide_PropertyLitigation8_Public_liability_Final.pdf
_zView the mini guide free of charge at www.mcgrigors.com
942 _n0
999 _c112198
_d112198